| 000 | 01317nam a2200265Ia 4500 | ||
|---|---|---|---|
| 999 |
_c49626 _d49626 |
||
| 001 | 16558 | ||
| 003 | GE_BSU | ||
| 005 | 20250128105047.0 | ||
| 008 | 181216s2003||||ge |||||||||||||| ||geo|| | ||
| 020 | _a99940-20-90-0 | ||
| 040 | _cGE_BSU | ||
| 041 | _ageo | ||
| 080 | _a911.2(075.8) ა-52 | ||
| 100 |
_aალფენიძე, მელორ _924146 |
||
| 245 |
_aზოგადი ფიზიკური გეოგრაფია : _b[სახელმძღვ.] / _cმელორ ალფენიძე, ელიზბარ ელიზბარაშვილი, კობა ხარაძე ; [რედ.: ნიკოლოზ ბერუჩაშვილი] ; თსუ-ს სოხუმის ფილიალი. |
||
| 264 |
_aთბილისი : _bთბილ. უნ-ტის გამ-ბა, _c2003. |
||
| 300 |
_a448 გვ. : _bნახ. ; _c25 სმ. |
||
| 504 | _aბიბლიოგრ. : გვ. 441-442 | ||
| 541 | _h16ლ. | ||
| 653 | _aგეოგრაფია | ||
| 653 | _aზოგადი ფიზიკური გეოგრაფია | ||
| 700 |
_aელიზბარაშვილი, ელიზბარ _eავტორი _924147 |
||
| 700 |
_aხარაძე, კობა _eავტორი _96756 |
||
| 942 |
_cBK _2udc |
||